| 000 | 00742nam a2200253Ia 4500 | ||
|---|---|---|---|
| 003 | OSt | ||
| 005 | 20220930184432.0 | ||
| 006 | a|||||r|||| 00| 0 | ||
| 007 | ta | ||
| 008 | 220926b |||||||| |||| 00| 0 eng d | ||
| 024 | _a77713 | ||
| 037 | _cTextbook | ||
| 040 |
_aCRL _cCRL _beng |
||
| 041 |
_2eng _aeng |
||
| 082 | _a2:55g, L2 | ||
| 110 | _aBirmingham Libraries. Co-operative mechanisation project | ||
| 245 | 0 |
_aBLCMP MARC Manual _b Input procedures for monographs cataloguing |
|
| 260 |
_aBirmingham _bBLCMP _c1972 |
||
| 300 |
_a122p _ccm. |
||
| 650 | _aLIBRARY SCIENCE | ||
| 700 | _aBirmingham Libraries. Co-operative mechanisation project | ||
| 942 |
_h2:55g, L2 _cTB _2CC |
||
| 999 |
_c888493 _d888493 |
||